Missing Word: Bands in Song Titles Quiz Stats

Quiz Updated Feb 20, 2015

Challenge
Share
Tweet
Embed
Score 0/20 Timer 04:00
7 Plays Today
Song Title Missing Band % Correct
Blue _____ ShoesSuede
92.3%
Midnight _____ to GeorgiaTrain
92%
God Save the _____Queen
89.5%
Beating Around the _____Bush
85%
_____ from a RoseKiss
78.3%
In the _____ TonightAir
77.5%
_____ of GlassHeart
77.3%
After the Gold _____Rush
65.1%
Bullet with Butterfly _____ Wings
60.1%
Black _____ SunHole
59.7%
Song Title Missing Band % Correct
_____ &YX
52.8%
Radio Free _____ Europe
44.5%
Breakfast in _______America
42%
Sweet Home _____ Chicago
33.6%
Birthday _____Cake
24.7%
Say _____ Yes
18.1%
Little _____ SodaCream
13.9%
Soul _____Survivor
9.8%
Embryonic _____Journey
7.4%
The _____ of Lost SoulsMinistry
3.3%

Today's Daily Dose

Word Ladder
'90s Movies

Quick Pick
'Fire' Movies

On This Day
June 19th II

You're not logged in!

Compare scores with friends on all Sporcle quizzes.
Join for Free
OR
Log In

You Might Also Like...

Show Comments

Extras

Top Quizzes Today


Score Distribution

Your Account Isn't Verified!

In order to create a playlist on Sporcle, you need to verify the email address you used during registration. Go to your Sporcle Settings to finish the process.

Report this User

Report this user for behavior that violates our Community Guidelines.

Details: